| 000 | 00891cab a2200313 4500 | ||
|---|---|---|---|
| 001 | WB3015-06 | ||
| 008 | 090401t1994 xxu||||| |||| 00| 0 eng d | ||
| 035 | _a(Sirsi) u30161 | ||
| 041 | _aeng | ||
| 245 | _aJCT publishes amendments | ||
| 260 | _c1994 | ||
| 350 | _a0 | ||
| 490 |
_aCSM (Chartered Surveyor Monthly) _v3(7) April 1994, 11(1) |
||
| 520 | _aReview of recent amendments to JCT contracts. | ||
| 650 | _aAGREEMENT TO MINOR BUILDING WORKS | ||
| 650 | _aAMENDMENT 13 | ||
| 650 | _aCERTIFICATION | ||
| 650 | _aINTERIM PAYMENTS | ||
| 650 | _aJCT STANDARD FORM OF BUILDING CONTRACT (1980 EDITION) | ||
| 650 | _aMEASURED TERM CONTRACT | ||
| 650 | _aMW8 | ||
| 650 | _aNOMINATED SUBCONTRACTS | ||
| 650 | _aNSC/C 1991 | ||
| 650 | _aPRACTICE NOTE 26 | ||
| 650 | _aWCD81 | ||
| 690 | _aBUILT ENVIRONMENT-BUILDING CONTRACT FORMS | ||
| 942 | _n0 | ||
| 948 | _c04/03/1997 | ||
| 999 |
_c20318 _d20318 |
||